LEADER 01102nam0-2200337---450 001 990009348070403321 005 20210715112520.0 035 $a000934807 035 $aFED01000934807 035 $a(Aleph)000934807FED01 035 $a000934807 100 $a20110421d1931----km-y0itay50------ba 101 2 $aita$agrc 102 $aIT 105 $ay---a---001yy 200 1 $aTeodoreto$fa cura di Nicola Festa 210 $a[Firenze]$cTesti cristiani$dstampa 1931 215 $a365 p$d22 cm 225 1 $aTesti cristiani con versione italiana a fronte, introduzione e commento$v3 327 0 $a1.: Terapia dei morbi pagani (libri 1.- 6.) 500 10$aGraecarum affectionum curatio$m$916405 676 $a880.02 700 1$aTheodoretus Cyrensis$f<4.-5. saec.>$0405242 702 1$aFesta,$bNicola$f<1866-1940> 801 0$aIT$bUNINA$gRICA$2UNIMARC 901 $aBK 912 $a990009348070403321 952 $aP2B 610 THEOD.CYR.450A(1) 1931$bIst.Fil.cl. 1837$fFLFBC$mBRAU-13720 959 $aFLFBC 996 $aGraecarum affectionum curatio$916405 997 $aUNINA LEADER 02515nam 2200721Ia 450 001 9910963139003321 005 20251116174949.0 010 $a1-134-31251-2 010 $a1-134-31252-0 010 $a0-203-69257-8 010 $a1-280-02543-3 010 $a0-203-41745-3 024 7 $a10.4324/9780203417454 035 $a(CKB)1000000000247580 035 $a(EBL)200685 035 $a(OCoLC)475911865 035 $a(SSID)ssj0000287979 035 $a(PQKBManifestationID)11247437 035 $a(PQKBTitleCode)TC0000287979 035 $a(PQKBWorkID)10391093 035 $a(PQKB)11156473 035 $a(MiAaPQ)EBC200685 035 $a(Au-PeEL)EBL200685 035 $a(CaPaEBR)ebr10101269 035 $a(CaONFJC)MIL2543 035 $a(OCoLC)56557906 035 $a(EXLCZ)991000000000247580 100 $a20030915d2004 uy 0 101 0 $aeng 135 $aur|n|---||||| 181 $ctxt 182 $cc 183 $acr 200 10$aAdorno, Habermas, and the search for a rational society /$fDeborah Cook 205 $a1st ed. 210 $aLondon ;$aNew York $cRoutledge$d2004 215 $a1 online resource (241 p.) 225 1 $aRoutledge studies in social and political thought ;$v40 300 $aDescription based upon print version of record. 311 08$a0-415-61922-X 311 08$a0-415-33479-9 320 $aIncludes bibliographical references (p. [211]-221) and index. 327 $aBook Cover; Title; Contents; Acknowledgements; Introduction; Society; Reification; Reason; Critique; Emancipation; Conclusion; Notes; Bibliography; Index 330 $aExploring the premises shared by both critical theorists, along with their profound disagreements about social conditions today, this book defends Adorno against Habermas' influential criticisms of his account of Western society. 410 0$aRoutledge studies in social and political thought ;$v40. 606 $aCritical theory 606 $aFrankfurt school of sociology 606 $aSociology$xPhilosophy 606 $aRationalism 615 0$aCritical theory. 615 0$aFrankfurt school of sociology. 615 0$aSociology$xPhilosophy. 615 0$aRationalism. 676 $a193 676 $a301/.01 700 $aCook$b Deborah$f1954-$0880338 801 0$bMiAaPQ 801 1$bMiAaPQ 801 2$bMiAaPQ 906 $aBOOK 912 $a9910963139003321 996 $aAdorno, Habermas, and the search for a rational society$94489595 997 $aUNINA